Countries Using Westminster System - Statistics

General Stats
  • This quiz has been taken 56 times
  • The average score is 20 of 32
Answer Stats
Country % Correct
New Zealand
98%
Australia
96%
Canada
96%
United Kingdom
85%
India
80%
Ireland
78%
Belize
76%
Bahamas
72%
Jamaica
72%
Antigua and Barbuda
70%
Barbados
70%
St Vincent and the Grenadines
67%
Grenada
65%
Pakistan
65%
Papua New Guinea
65%
St Lucia
65%
Bangladesh
63%
Singapore
63%
St Kitts and Nevis
63%
Trinidad and Tobago
63%
Dominica
59%
Malta
59%
Tuvalu
57%
Solomon Islands
54%
Israel
52%
Malaysia
52%
Japan
48%
Vanuatu
46%
Nepal
41%
Mauritius
37%
Nauru
35%
Kuwait
26%
No matching quizzes found
Score Distribution
Percent of People with Each Score
Percentile by Number Answered
Your Score History
You have not taken this quiz